000 00539nmm a2200157Ia 4500
008 251105s9999||||xx |||||||||||||||||und||
020 _a9789587573169
041 _aspa
100 _aPalacios, Arnoldo
245 0 _aLa selva y la lluvia: por primera vez en Colombia una gran novela que permaneció inédita por más de 50 años
264 _a[Bogotá, Colombia] :
_bIntermedio Editores,
_c2010
300 _a180 páginas
650 _aLatin American narrative
856 _uhttps://public.digitaliapublishing.com/a/52336
942 _cCF
999 _c96047
_d96047